|
|
|
|
| LEADER |
00000cam a2200000 7i4500 |
| 001 |
0000004916 |
| 005 |
20151222.0 |
| 008 |
070731 |
| 020 |
|
|
|a 0709710275
|
| 090 |
0 |
0 |
|a DIC
|b ENG (4362)
|
| 100 |
1 |
|
|a Clark,Colin
|
| 245 |
1 |
0 |
|a Children's picture dictionary
|c Colin Clark
|
| 260 |
|
|
|a England :
|b Brown Watson ,
|c 2001
|
| 440 |
|
0 |
|a A magical world of words
|
| 500 |
|
|
|a Children ages 7-9 years old (orange)
|
| 650 |
|
0 |
|a Dictionary
|
| 650 |
|
0 |
|a Junior fiction
|x English
|x Languages
|
| 999 |
|
|
|a 0000895599
|b Book
|c Children Collection
|e Cawangan Pontian
|
| 999 |
|
|
|a 0000895601
|b Book
|c Children Collection
|e Cawangan Bandar Penawar
|
| 999 |
|
|
|a 0000895605
|b Book
|c Children Collection
|e Cawangan Tangkak
|
| 999 |
|
|
|a 0000895607
|b Book
|c Children Collection
|e Cawangan Tmn. Ungku Tun Aminah
|
| 999 |
|
|
|a 0000895608
|b Book
|c Children Collection
|e Cawangan Tmn. Ungku Tun Aminah
|
| 999 |
|
|
|a 0000947795
|b Book
|c Children Collection
|e Cawangan Bandar Penawar
|
| 999 |
|
|
|a 0000947797
|b Book
|c Children Collection
|e Cawangan Segamat
|
| 999 |
|
|
|a 0000970714
|b Book
|c REFERENCE
|e Perbadanan Perpustakaan Awam Johor
|
| 999 |
|
|
|a 0000970715
|b Book
|c REFERENCE
|e Cawangan Taman Universiti
|
| 999 |
|
|
|a 0000982861
|b Book
|c REFERENCE
|e Perbadanan Perpustakaan Awam Johor
|
| 999 |
|
|
|a 0000982862
|b Book
|c REFERENCE
|e Cawangan Tmn. Ungku Tun Aminah
|
| 999 |
|
|
|a 0000982863
|b Book
|c Children Collection
|e Cawangan Taman Universiti
|